| 000 | 00718cam a2200229 a 4500 | ||
|---|---|---|---|
| 001 | 000011049 | ||
| 005 | 20200929162340.0 | ||
| 008 | 720504s1965 nyua b 001 0 eng d | ||
| 040 |
_aDO-SdBNP _beng _cLC _dBNPHU |
||
| 082 |
_a571.86 _bE16i |
||
| 100 | 1 |
_aEbert, James D. _q(James David), _d1921-2001. _926512 |
|
| 245 | 1 | 0 |
_aInteracting systems in development / _cJames D. Ebert. |
| 260 |
_aNew York : _bHolt, Rinehart and Winston, _c1965. |
||
| 300 |
_aviii, 227 p. : _bil. ; _c23 cm. |
||
| 490 | 1 | _aModern Biology | |
| 504 | _aIncluye bibliografía. | ||
| 650 | 4 |
_aEmbriología _926513 |
|
| 650 | 4 |
_aEvolución _97386 |
|
| 830 | 4 |
_aModern Biology _926514 |
|
| 910 | _aCatalogación por copia / LC | ||
| 049 | _aBNGR | ||
| 999 |
_c10777 _d10777 |
||